000 00623nam a2200229Ia 4500
003 OSt
005 20221007071839.0
006 a|||||r|||| 00| 0
007 ta
008 221006b |||||||| |||| 00| 0 eng d
024 _a17,671
037 _cTextual
040 _aFLL
_cFLL
_beng
041 _2eng
_aeng
082 _aY1:45:6.73.N7, L5
100 _aViano Emilio Au.
_9689552
245 0 _aCriminal justice research
260 _aLondon
_bLexington Book England
_c1975
300 _axvii,307p
_ccm.
942 _hY1:45:6.73.N7, L5
_cTEXL
_2CC
999 _c1144485
_d1144485